LEADER 01162nam a2200277 a 4500 001 000000130927 003 CaOOAMICUS 005 20121011120729.0 008 121011s1972 fr u000 u fre r 040 $aPUL$bita 100 1 $aBarthes, Roland,$d1915-1980.$0(OLS)http://pul/name/30718 245 13$aLe degré zéro de l'écriture ; suivi de, Nouveaux essais critiques /$cRoland Barthes. 246 33$aNouveaux essais critiques 260 $aParis :$bédition du Seuil,$c©1972. 300 $a187 p. ;$c18 cm 490 1 $aPoints. Essais ;$v35 650 4$aCritica letteraria.$0(OLS)http://pul/subject/7021 830 0$aPoints.$pEssais ;$v35.$0(OLS)http://pul/title/100023 850 $aPUL 852 $aPUL$W1$xDP1 Fondo E. Rossi$y115$m1 B 40$j18568$qFondi$B150086$CPULBib$Z2$F150086 $82 941 1 $a1 961 $aSul dorso collocazione ms. di E. Rossi: B 29 996 $6245$aLe degré zéro de l'écriture ; suivi de, Nouveaux essais critiques$9(OLS)http://pul/title/165465 996 $6246$aNouveaux essais critiques$9(OLS)http://pul/title/165466 996 $6260$aParis :$bédition du Seuil$9(OLS)http://pul/publisher/69656 LEADER 01443nam a2200313 u 4500 001 000000113229 003 CaOOAMICUS 005 20080929152735.0 008 080929s2008 it u000 u ita r 020 $z978-88-263-1715-1* 040 $aPUL$bita$dLDB 245 03$aLa Scrittura che libera :$bintroduzione alla lettura dell'Antico Testamento /$cErnesto Borghi, Renzo Petraglio (a cura di) 260 $aRoma :$bBorla,$cc2008. 300 $a504 p. ;$c21 cm 490 1 $aNuove vie dell'esegesi 500 $aContiene indici. 500 $aIn testa al front. : Associazione Biblica della Svizzera italiana 504 $aBibliografia in nota. 630 04$aBiblia.$pV.T.$xIntroduzioni.$0(OLS)http://pul/subject/4024 700 1 $aPetraglio, Renzo,$d1945-$0(OLS)http://pul/name/44212 700 1 $aBorghi, Ernesto,$d1964-$0(OLS)http://pul/name/59730 710 2 $aAssociazione Biblica della Svizzera italiana.$0(OLS)http://pul/name/69817 830 0$aNuove vie dell'esegesi.$0(OLS)http://pul/title/66198 850 $aPUL 852 $aPUL$W1$xSL Religione 3$y85$m220. 6 BORER 1$j129380$qDDC 21$B128465$CPULBib$Z2$F128465 $H108253 $82 941 1 $a9 996 $6020$z978-88-263-1715-1*$9(OLS)http://pul/number/138676 996 $6245$aLa Scrittura che libera :$bintroduzione alla lettura dell'Antico Testamento$9(OLS)http://pul/title/142288 996 $6260$aRoma :$bBorla$9(OLS)http://pul/publisher/48061